000
00269nam a2200121 i 4500
001
bg
245
0
_a
Vycislitel'naja i prikladnaja matematika.
260
_a
Kiev,
_c
1975.
040
_c
BPK
041
_a
pol
942
_c
KS
008
s pl f |000 0 pol
999
_c
16258
_d
16258